Reading together : (Record no. 105052)
[ view plain ]
| 000 -LEADER | |
|---|---|
| fixed length control field | 00612nam a2200169 a 4500 |
| 005 - DATE AND TIME OF LATEST TRANSACTION | |
| control field | 20140412111337.0 |
| 008 - FIXED-LENGTH DATA ELEMENTS--GENERAL INFORMATION | |
| fixed length control field | 050427s19uu xx 00 eng d |
| 020 ## - INTERNATIONAL STANDARD BOOK NUMBER | |
| International Standard Book Number | 0-8126-2150-6 |
| 050 ## - LIBRARY OF CONGRESS CALL NUMBER | |
| Classification number | BB |
| Item number | Re22 1995 |
| 100 ## - MAIN ENTRY--PERSONAL NAME | |
| Personal name | Adams, Marilyn Jager |
| 245 ## - TITLE STATEMENT | |
| Title | Reading together : |
| Remainder of title | a collection for young scholar book / |
| Statement of responsibility, etc | Marilyn Jager Adams. |
| 260 ## - PUBLICATION, DISTRIBUTION, ETC. (IMPRINT) | |
| Place of publication, distribution, etc | [s.l.] : |
| Name of publisher, distributor, etc | Open Court Publishing Company, |
| Date of publication, distribution, etc | 1995. |
| 300 ## - PHYSICAL DESCRIPTION | |
| Extent | 32 p. ; ill. |
| 500 ## - GENERAL NOTE | |
| General note | Contents: Books to the ceiling--Mrs. Goose's Baby--I would'nt--Rags--Down the hill--Grandfather's Garden. |
| 650 ## - SUBJECT ADDED ENTRY--TOPICAL TERM | |
| Topical term or geographic name as entry element | Peoms |
| General subdivision | Juvenile literature |
| Withdrawn status | Lost status | Damaged status | Home library | Current library | Shelving location | Date acquired | Source of acquisition | Total Checkouts | Full call number | Barcode | Date last seen | Price effective from | Koha item type |
|---|---|---|---|---|---|---|---|---|---|---|---|---|---|
| Elizalde Library | Elizalde Library | Big Books Section | 04/27/2005 | BB Re22 1995 | E9342 | 04/12/2014 | 04/12/2014 | Books |